000 01710nas a2200277Ia 4500
001 L240-27479
003 IT-CnALBA
008 170116c99999999xx |||||||||||| ||und||
040 _aIT-CnALBA
_cIT-CnALBA
041 _aITALIANO
100 _aTRENTIN GIUSEPPE
210 _aSTUDIA PATAVINA
222 _aSTUDIA PATAVINA
245 0 _aSTUDIA PATAVINA. MAGGIO-AGOSTO 1996. RIVISTA DI SCIENZE RELIGIOSE.
250 _a1a ed.
260 _a PADOVA
_bSEMINARIO TIPOGRAFIA
_c1996 [1° Ed.:1996 - Ed.Ling.Originale: 1996]
300 _a247 p.
310 _aQUADRIMESTRALE
362 _aFascicolo: 2 / Anno: 43 (1996)
500 _aFEDE ETICA E VITA. IDENTITÀ DEL CATTOLICO E CRISI DI APPARTENENZA. CRISI DELL'IDENTITÀ MODERNA ED ESPERIENZA RELIGIOSA IN P. BERGER. ANFILOCHIO DI ICONIO E CANONE BIBLICO CONTRO GLI ERETICI. INDAGINE DELLA SOCIOLOGIA E CONFRONTO CON LA TEOLOGIA. PROSPETTIVE PER L'ORGANIZZAZIONE DELLA CHIESA IN ITALIA. FILOSOFIA DI GIUSEPPE RENSI. RECENSIONI BIBLIOGRAFICHE. COLLOQUIO EBRAICO CRISTIANO CAMALDOLI 1995. BISCONTIN C. CAPRARO G.
501 _aSocietà San Paolo EM - Piazza San Paolo, 14 - 12051 ALBA (CN) (non commercial uses only) ® Copyright 2017
520 _aFEDE ETICA E VITA. IDENTITÀ DEL CATTOLICO E CRISI DI APPARTENENZA. CRISI DELL'IDENTITÀ MODERNA ED ESPERIENZA RELIGIOSA IN P. BERGER. ANFILOCHIO DI ICONIO E CANONE BIBLICO CONTRO GLI ERETICI. INDAGINE DELLA SOCIOLOGIA E CONFRONTO CON LA TEOLOGIA. PROSPETTIVE PER L'ORGANIZZAZIONE DELLA CHIESA IN ITALIA. FILOSOFIA DI GIUSEPPE RENSI. RECENSIONI BIBLIOGRAFICHE. COLLOQUIO EBRAICO CRISTIANO CAMALDOLI 1995. BISCONTIN C. CAPRARO G.
650 _aMISCELLANEA DI RELIGIONE
942 _cCR
957 _71
999 _a32268
_bNO
_g1
_c322852
_d322852